000 00701nam a22001817a 4500
005 20241129150211.0
010 _aENG-142737
020 _a9789393766175
_c310.00
035 _aEN-126269
037 _bDBAD
082 _a346.54065
100 _aLohia, Rajesh
_974414
245 _aONE PERSON COMPANY (OPC) & SMALL COMPANY INCORPORATION & STATUTORY COMPLIANCES UNDER THE COMPANIES ACT, 2013/
_bBy Rajesh Lohia
260 _aMadhya Pradesh
_bXcess Infostore Pvt. Ltd.
_c2023
270 _a213, Silver Mall , Block B,8/A,R.N.T. Marg, Indore
_bMadhya Pradesh
_e452001
_k9826012052
_k94794724245
_minfo@xcessbooks.com
300 _a140p.
_c21cm(pb)
942 _2ddc
_cEN
_h346.54065
_mLOH
999 _c207250
_d207250